| 000 | 00390nam a2200169Ia 4500 | ||
|---|---|---|---|
| 001 | 2024 | ||
| 003 | Ost | ||
| 005 | 20260507154652.0 | ||
| 008 | 251113s9999||||xx |||||||||||||| ||eng|| | ||
| 040 | _cnitttr | ||
| 041 | _aeng | ||
| 082 |
_a620.1 _bJ199 A |
||
| 100 | _aJainti Prasad, Shukla | ||
| 245 | 0 |
_aApplied mechanics / _cJainti Prasad, Shukla, D. P. |
|
| 700 | _a D. P., | ||
| 942 | _cBK | ||
| 999 |
_c1921 _d1921 |
||